A serdülőkor érzelmei
Elmentve itt :
| Szerző: | |
|---|---|
| További közreműködők: | |
| Dokumentumtípus: | Szakdolgozat |
| Megjelent: |
1992
|
| Tárgyszavak: | |
| Online Access: | http://diploma.bibl.u-szeged.hu/116169 |
| LEADER | 00571nta a2200181 i 4500 | ||
|---|---|---|---|
| 001 | dipl116169 | ||
| 005 | 20210614140110.0 | ||
| 008 | 210602s1992 hu om 0|| zxx d | ||
| 040 | |a SZTE Diploma Repozitórium |b hun | ||
| 041 | |a zxx | ||
| 100 | 1 | |a Tolnai Dalma | |
| 245 | 1 | 2 | |a A serdülőkor érzelmei |h [elektronikus dokumentum] / |c Dalma Tolnai |
| 260 | |c 1992 | ||
| 650 | 4 | |a Pedagógusképzés | |
| 650 | 4 | |a Social sciences | |
| 650 | 4 | |a Psychology | |
| 700 | 1 | |a Kiss Ferenc |e ths | |
| 856 | 4 | 0 | |u http://diploma.bibl.u-szeged.hu/id/eprint/116169/1/1992_tolnai_dalma.pdf |z Dokumentum-elérés |